| 000 | nam a22 7a 4500 | ||
|---|---|---|---|
| 999 |
_c148548 _d148546 |
||
| 005 | 20190517090823.0 | ||
| 008 | 190516b sp ||||| |||| 00| 0 spa d | ||
| 050 | 0 | 4 |
_aKKT914.31885 _bC63 1954 |
| 110 | 1 | _aEspaña | |
| 240 | 0 | 0 | _aLeyes y códigos |
| 245 | 0 | 0 |
_aCódigo de comercio español de 22 de agosto de 1885 : _b/ con las variantes introducidas hasta junio de 1954, anotado y seguido de un repertorio alfabético de materias y un extenso apéndice _c/ |
| 250 | _aCuarta edición | ||
| 260 |
_aMadrid : _bInstituto Editorial Reus : _bCentro de Enseñanza y Publicaciones, _c1954 |
||
| 300 |
_a455 páginas ; _c13 cm. |
||
| 500 | _aIncluye índice | ||
| 650 | 7 |
_2lemb _aDerecho mercantil _xLegislación _zEspaña |
|
| 942 |
_2lcc _cLIB |
||